Judicial review: a comparative analysis of India and The USA (Record no. 527702)

000 -LEADER
fixed length control field 01636nam a22001577a 4500
008 - FIXED-LENGTH DATA ELEMENTS--GENERAL INFORMATION
fixed length control field 240917b ||||| |||| 00| 0 eng d
100 ## - MAIN ENTRY--PERSONAL NAME
Personal name Prasad, Rekha Ranjan
245 ## - TITLE STATEMENT
Title Judicial review: a comparative analysis of India and The USA
260 ## - PUBLICATION, DISTRIBUTION, ETC. (IMPRINT)
Place of publication, distribution, etc Bihar Journal of Public Administration
300 ## - PHYSICAL DESCRIPTION
Extent 21(1S), Jan-Jun, 2024:p.366-378
520 ## - SUMMARY, ETC.
Summary, etc Judicial review has acquired significant place in a democratic country, especially when the executive (elected governments) cross the line of set constitutional principles. At global level, the role of judicial review has been significant in maintaining check and balance, so is in India and USA. The present paper intends to analyse the similarities and differences in the practice and importance of judicial review in these two countries. The study has delved into the historical roots, constitutional provisions and current practices of judicial review in both the countries. By examining the views of various jurists and analysing the relevant provisions of the Indian Constitution and landmark judicial decisions, this study seeks to explore the effects of judicial review in governance. Further, various doctrines applied in judicial review e.g. Doctrine of Severability, Doctrine of Eclipse, Doctrine of Prospective Over-ruling have been examined comparatively.- Reproduced

http://www.iipabiharbranch.org/upload/BJPA_Vol.%20XXI%20No.%201(S)%20Jan-June.%202024.pdf
650 ## - SUBJECT ADDED ENTRY--TOPICAL TERM
Topical term or geographic name as entry element Judicial review, Rule of law, Severability, Prospective over-ruling, India, USA
9 (RLIN) 47682
773 ## - HOST ITEM ENTRY
Main entry heading Bihar Journal of Public Administration
906 ## - LOCAL DATA ELEMENT F, LDF (RLIN)
Subject DIP JUDICIARY
942 ## - ADDED ENTRY ELEMENTS (KOHA)
Item type Articles
Holdings
Withdrawn status Lost status Source of classification or shelving scheme Damaged status Not for loan Permanent location Current location Date acquired Serial Enumeration / chronology Barcode Date last seen Koha item type
          Indian Institute of Public Administration Indian Institute of Public Administration 2024-09-17 21(1S), Jan-Jun, 2024:p.366-378 AR133136 2024-09-17 Articles

Powered by Koha